000 00484nam a2200181Ia 4500
001 16469
005 20260306170312.0
008 260306t2014||||xx |||||||||||||| ||und||
041 _aESP
082 _a348.6
_bJ53
100 _aJiménez Coronado, Ludmin
_eAUT
245 0 _aManual de los regímenes laborales especiales:
_bnormatividad y asesoría aplicada
260 _c2014
300 _a442 páginas :
_c24 cm.
650 _aGEN
654 _aCDE
942 _cLIB
_dJUS
_fJUS
_2ddc
_n
999 _c16469
_d16469